| 000 | 00454nam a2200169 4500 | ||
|---|---|---|---|
| 001 | 44294 | ||
| 090 | _a44294 | ||
| 100 | _a20250310 pory50 | ||
| 101 |
_apor _aing |
||
| 102 | _aPT | ||
| 200 |
_aEngenharia Ecológica Energia Geotérmica _ecalor que vem de dentro _fNational Geographic |
||
| 210 |
_a[S.l.] _cNational Geographic _d[d. reg. 2009] |
||
| 215 | _a1 DVD | ||
| 225 | _aNational Geographic | ||
| 675 | _a55 | ||
| 801 |
_aPT _gRPC |
||
| 990 | _cFILMES DVD | ||